000 00702nam a2200205Ii 4500
003 JO-AjNU
008 230605s9999||||xx |||||||||||||| ||und||
040 _aJO-AjNU
_bara
_erda
_cJO-AjNU
041 _aara
050 1 4 _aG155 2016
100 3 _aالمغربي، محمد الفاتح محمود بشير,
_eauthor
_951763
245 0 0 _aتسويق خدمات السياحة = Tourism Marketing Services
250 _aط1
264 3 1 _aعمان: دار الجنان للنشر والتوزيع، 2016
300 _a249ص
336 _atext
_btxt
_2rdacontent
337 _aunmediated
_bn
_2rdamedia
338 _avolume
_bnc
_2rdacarrier
650 4 _aالسياحة - خدمات - تسويق
_951764
999 _aA22890
_c26458
_d26458